Kniha radosti : ako si trvalo uchovať šťastie v meniacom sa svete /
Uložené v:
| Hlavní autori: | , , |
|---|---|
| Ďalší autori: | , |
| Médium: | Kniha |
| Jazyk: | Slovak English |
| Vydané: |
V Bratislave :
Noxi,
2016.
|
| Vydanie: | Prvé vydanie |
| Témy: | |
| ISBN: |
9788081113895 (viaz.) |
| Fyzický popis: |
367 strán : fotografie ; 24 cm. |
| Tagy: |
Pridať tag
Žiadne tagy, Buďte prvý kto otaguje tento záznam!
|
Titul je dostupný aj v ... 

MARC
| LEADER | 00000nam a2200000 a 4500 | ||
|---|---|---|---|
| 001 | 000529421 | ||
| 005 | 20170404105003.0 | ||
| 008 | 161031s2016 xo o e 000 0dslo d | ||
| 020 | |a 9788081113895 (viaz.) | ||
| 040 | |a SVKKK |b slo |c SVKKK |e AACR2 | ||
| 041 | 1 | |a slo |h eng | |
| 044 | |a xo |c SK | ||
| 072 | 7 | |a 17 |x Etika. Morálna filozofia |2 konspekt | |
| 072 | 7 | |a 2 |x Náboženstvo |2 konspekt | |
| 080 | |a 2-37 |2 2011 | ||
| 080 | |a 17.023.34 |2 2011 | ||
| 080 | |a 17.02 |2 2011 | ||
| 080 | |a 2-584 |2 2011 | ||
| 080 | |a 316.64 |2 2011 | ||
| 080 | |a 2-185.36 |2 2011 | ||
| 080 | |a 22/24-583 |2 2011 | ||
| 080 | |a (047.53) |2 2011 | ||
| 080 | |a (035) |2 2011 | ||
| 100 | 0 | |a Tändzin Gjamccho, |a dalajláma XIV., |d 1935- |4 aut | |
| 240 | 1 | 4 | |a The book of joy. |l Slovensky |
| 245 | 1 | 0 | |a Kniha radosti : |b ako si trvalo uchovať šťastie v meniacom sa svete / |c jeho svätosť Dalajlama a arcibiskup Desmond Tutu s Douglasom Abramsom; [z anglického originálu preložili Marína Terenová a Darina Gyurkovicsová]. |
| 250 | |a Prvé vydanie | ||
| 260 | |a V Bratislave : |b Noxi, |c 2016. | ||
| 300 | |a 367 strán : |b fotografie ; |c 24 cm. | ||
| 500 | |a Preložené z angličtiny | ||
| 500 | |a Biografie autorov | ||
| 600 | 1 | 7 | |a Tändzin Gjamccho, |c dalajláma XIV., |d 1935- |2 SVKKKMA |
| 600 | 1 | 7 | |a Tutu, Desmond, |d 1931- |2 SVKKKMA |
| 650 | 0 | 7 | |a duchovní vodcovia |2 SVKKKPH |
| 650 | 0 | 7 | |a radosť |2 SVKKKPH |
| 650 | 0 | 7 | |a životná harmónia |2 SVKKKPH |
| 650 | 0 | 7 | |a duchovný život |2 SVKKKPH |
| 650 | 0 | 7 | |a názory a postoje |2 SVKKKPH |
| 650 | 0 | 7 | |a odpustenie |2 SVKKKPH |
| 650 | 0 | 7 | |a meditácia |2 SVKKKPH |
| 655 | 7 | |a rozhovory |2 SVKKKPH | |
| 655 | 7 | |a príručky |2 SVKKKPH | |
| 700 | 1 | |a Tutu, Desmond, |d 1931- |4 aut | |
| 700 | 1 | |a Abrams, Douglas |4 aut | |
| 700 | 1 | |a Terenová, Marína |4 trl | |
| 700 | 1 | |a Gyurkovicsová, Darina |4 trl | |
| 910 | |a svkkk | ||
| 919 | |a 978-80-8111-389-5 | ||
| 998 | |a BK | ||
| 090 | |g SCKHL |k Sklad Hlavná 10 prízemie |a IV.228406 |j 1077782 |i 2720410494 |s Absenčne | ||